000 00805nam a2200253Ia 4500
003 OSt
005 20220918185224.0
006 a|||||r|||| 00| 0
007 ta
008 220917b |||||||| |||| 00| 0 eng d
024 _a50,190
037 _cTextual
040 _aARTS
_cARTS
_beng
041 _2eng
_aeng
082 _aP111v7321.N6, J6 (PD)
100 _aElizson Norman E
_968300
245 0 _aTarheel talk
_b an historical study of the English language in North Carolina to 1860
260 _aChapel
_bHill Univ Of North Carolina Press
_c1956
300 _ax,324p.
_ccm.
500 _aAppendices (257-321p) A. Word usages B. Significant spellings
650 _aLINGUISTICS
942 _hP111v7321.N6, J6 (PD)
_cTEXL
_2CC
999 _c179787
_d179787